| 000 | 00808nam a22002537a 4500 | ||
|---|---|---|---|
| 005 | 20170123162340.0 | ||
| 010 | _aA-558471 | ||
| 020 | _c100.00 | ||
| 035 | _aA-558471 | ||
| 037 | _bCen Lib/Ret | ||
| 040 |
_aDPL _bUR |
||
| 082 |
_a921 _bر ض ا |
||
| 100 |
_aرضا الی _9656 |
||
| 245 |
_aعمال نامہ : _cرضا الی _bایک اہم آپ بیتی / |
||
| 246 |
_aAmalnama : ek aham aap biti / _bby Raza Ali |
||
| 260 |
_bخدا بخش اورینٹڈ پبلک لائبریری _c1992 _aپٹنہ |
||
| 270 | _bپٹنہ | ||
| 300 |
_a525p. _c21cm(Hb) |
||
| 650 |
_aادب -- اردو _9126545 |
||
| 650 |
_aاردوسوانے عمری _9108678 |
||
| 650 |
_aLiterature -- Urdu _9126546 |
||
| 650 |
_aUrdu biography _9511 |
||
| 942 |
_2ddc _cUR _h921 _mر ض ا |
||
| 999 |
_c108425 _d108425 |
||